000 01136nam a22002897a 4500
008 130606s2011 sp d frn 000 0dspa
020 _a9788493898502
040 _aCO-BoUCM
_bspa
_cAngélica Rojas
_dAldemar Mondragón
041 0 0 _aspa
100 1 _aJacobs, Jane
_d1916-2006
_938811
245 1 0 _aMuerte y vida de las grandes ciudades
_cJane Jacobs ; presentado por Zaida Muxí, Blanca G. Valdivia, Manuel Delgado ; traducido por Ángel Abad, Ana Useros
260 _aMadrid
_bCapitán Swing Libros
_c2011
300 _a487 páginas
490 0 _aEntrelíneas
650 7 _aCiudades y pueblos
_910961
650 7 _aRehabilitación urbana
_zEstados Unidos
_938812
650 7 _aUrbanismo
_xAspectos sociales
_zEstados Unidos
_938813
690 _aSociología
_9386
700 1 _aAbad, Ángel
_etraductor
_986009
700 1 _aDelgado, Manuel
_938816
700 1 _aMuxí, Zaida
_938814
700 1 _aUseros, Ana
_etraductor
_938818
700 1 _aValdivia, Blanca G.
_938815
765 _tThe death and life of great American cities
942 _2DEWEY
_a5
_cLIBRO
_e2
_mJ171m
_h307.760973
999 _c166580
_d166580